Central Library OPAC University of Rajshahi

Dynamics (Record no. 13193)

MARC details
000 -LEADER
fixed length control field 00610nam a2200229 a 4500
001 - CONTROL NUMBER
control field 13193
003 - CONTROL NUMBER IDENTIFIER
rucl marc code BD-RUCL
005 - DATE AND TIME OF LATEST TRANSACTION
control field 20211208235423.0
008 - FIXED-LENGTH DATA ELEMENTS--GENERAL INFORMATION
fixed length control field 170606r19701966nyua 001 0 eng
020 ## - INTERNATIONAL STANDARD BOOK NUMBER
International Standard Book Number 0471596019
035 ## - SYSTEM CONTROL NUMBER
System control number (BD-RUCL)13244
040 ## - CATALOGING SOURCE
Original cataloging agency DLC
Transcribing agency BD-RUCL
Modifying agency BD-RUCL
Language of cataloging eng
041 ## - LANGUAGE CODE
Language code of text/sound track or separate title eng
082 ## - DEWEY DECIMAL CLASSIFICATION NUMBER
Edition number 23
Classification number 531.11
Author mark and year MED 1970
100 1# - MAIN ENTRY--PERSONAL NAME
Personal name Meriam, J. L.
Fuller form of name (James L.)
9 (RLIN) 41090
245 10 - TITLE STATEMENT
Title Dynamics
Statement of responsibility, etc. [by] J. L. Meriam.
250 ## - EDITION STATEMENT
Edition statement 1st ed.
260 ## - PUBLICATION, DISTRIBUTION, ETC. (IMPRINT)
Place of publication, distribution, etc. New York :
Name of publisher, distributor, etc. Wiley
Date of publication, distribution, etc. 1966 [Reprinted 1970]
300 ## - PHYSICAL DESCRIPTION
Pagination xiii, 480 p. :
Illustrations ill. ;
Size 26 cm.
650 #0 - SUBJECT ADDED ENTRY--TOPICAL TERM
Topical term or geographic name as entry element Dynamics.
9 (RLIN) 41091
942 ## - ADDED ENTRY ELEMENTS (KOHA)
Source of classification or shelving scheme Dewey Decimal Classification
Koha item type Books
Holdings
Lost status Source of classification or shelving scheme Damaged status Not for loan Collection code Permanent Location Current Location Shelving location Date acquired Source of acquisition Cost, normal purchase price Total Checkouts Full call number Date last seen Copy number Koha item type
  Dewey Decimal Classification   Not For Loan Non-fiction Central Library, University of Rajshahi Central Library, University of Rajshahi Reading Room 22/06/1976 Aligar Lib. Rajshahi 33.75   531.11 MED 1970 30/01/2014 C-1 Books
  Dewey Decimal Classification     Non-fiction Central Library, University of Rajshahi Central Library, University of Rajshahi   22/06/1976 Aligarh library,Rajshahi. 33.75   531.11 MED 1970 06/06/2017 C-2 Books